Map of the world : an introduction to mathematical geodesy /

"The development of mathematical theory, together with its implementation and use, needed to process, analyze, integrate and validate geodetic data, such as measurements for landsurveying, is referred to as the discipline of mathematical geodesy. It is about the calculus of observation, the val...

Full description

Bibliographic Details
Main Authors: Vermeer, Martin (Author), Rasila, Antti (Author)
Corporate Author: Taylor & Francis
Format: eBook
Language:English
Published: Boca Raton : CRC Press, Taylor & Francis Group, [2020]
Subjects:
Online Access:Connect to the full text of this electronic book

MARC

Tag First Indicator Second Indicator Subfields
LEADER 00000cam a2200000 i 4500
001 in00005528913
006 m o d
007 cr |||||||||||
008 190923s2020 flu ob 001 0 eng
005 20241111204830.5
010 |a  2019024847 
035 |a (OCoLC)on1119619722 
040 |a DLC  |b eng  |e rda  |c DLC  |d UKMGB  |d YDX  |d OCLCF  |d UKAHL  |d OTZ  |d N$T  |d DLC  |d OCLCO  |d TYFRS  |d EBLCP  |d OSU  |d OCLCO  |d K6U  |d OCLCQ  |d YUS  |d SFB  |d OCLCQ  |d OCLCO  |d OCLCL 
015 |a GBB9E0228  |2 bnb 
016 7 |a 019504584  |2 Uk 
019 |a 1112671967  |a 1136561423 
020 |a 9780429265990  |q (ebook) 
020 |a 0429265999 
020 |z 9780367217730  |q (hardback) 
020 |a 9780429560972  |q (ePub ebook) 
020 |a 0429560974 
020 |a 9780429556500  |q (PDF ebook) 
020 |a 0429556500 
020 |a 9780429565441  |q (Mobipocket ebook) 
020 |a 0429565445 
020 |z 0367217732 
024 8 |a 10.1201/9780429265990  |2 doi 
024 8 |a 16179014 
035 |a (OCoLC)1119619722  |z (OCoLC)1112671967  |z (OCoLC)1136561423 
037 |a 9780429560972  |b Ingram Content Group 
042 |a pcc 
050 0 0 |a QB281 
072 7 |a MAT  |x 000000  |2 bisacsh 
072 7 |a PBWH  |2 bicssc 
082 0 0 |a 526/.1  |2 23 
049 |a TXAM 
100 1 |a Vermeer, Martin,  |e author. 
245 1 0 |a Map of the world :  |b an introduction to mathematical geodesy /  |c Martin Vermeer, Antti Rasila. 
264 1 |a Boca Raton :  |b CRC Press, Taylor & Francis Group,  |c [2020] 
300 |a 1 online resource 
336 |a text  |b txt  |2 rdacontent 
337 |a computer  |b c  |2 rdamedia 
338 |a online resource  |b cr  |2 rdacarrier 
520 |a "The development of mathematical theory, together with its implementation and use, needed to process, analyze, integrate and validate geodetic data, such as measurements for landsurveying, is referred to as the discipline of mathematical geodesy. It is about the calculus of observation, the validation of measurements and mathematical models, and the analysis of spatial and temporal phenomena in geosciences, i.e. about parameter estimation, testing and reliability, and about interpolation and prediction. Map of the World: An Introduction to Mathematical Geodesy aims to provide an accessible introduction to this area, presenting the most pertinent mathematical foundations relating to maps, mapping and the production of geospatial data. Features Written in a fluid and accessible style, replete with exercises; ideal for undergraduate courses Suitable for students of land surveying and natural science, as well as professionals, but also for map amateurs"--  |c Provided by publisher. 
504 |a Includes bibliographical references and index. 
588 |a Description based on print version record. 
505 0 |a A brief history of mapping -- Popular conformal map projections -- The complex plane and conformal mappings -- Conformal mappings -- Transversal Mercator projections -- Spherical trigonometry -- The geometry of the ellipsoid of revolution -- Three-dimensional co-ordinates and transformations -- Co-ordinate reference systems -- Co-ordinates of heaven and Earth -- The orbital motion of satellites -- The surface theory of Gauss -- Riemann surfaces and charts -- Map projections in light of surface theory 
650 0 |a Geodesy. 
650 0 |a Mathematical geography. 
650 0 |a Cartography. 
650 0 |a Map drawing. 
650 6 |a Géodésie. 
650 6 |a Géographie mathématique. 
650 6 |a Cartographie. 
650 7 |a geodesy.  |2 aat 
650 7 |a cartography (discipline)  |2 aat 
650 7 |a MATHEMATICS / General.  |2 bisacsh 
650 7 |a Mathematical geography  |2 fast 
650 7 |a Geodesy  |2 fast 
650 7 |a Cartography  |2 fast 
650 7 |a Geodesy  |x Mathematics  |2 fast 
655 7 |a Electronic books.  |2 local 
700 1 |a Rasila, Antti,  |e author. 
710 2 |a Taylor & Francis 
758 |i has work:  |a Map of the world (Text)  |1 https://id.oclc.org/worldcat/entity/E39PCFtxpF7xrCdkhjMCRyC4YK  |4 https://id.oclc.org/worldcat/ontology/hasWork 
776 0 8 |i Print version:  |a Vermeer, Martin.  |t Map of the world  |d New York : CRC Press, [2020]  |z 9780367217730  |w (DLC) 2019024846 
856 4 0 |u http://proxy.library.tamu.edu/login?url=https://www.taylorfrancis.com/books/9780429265990  |z Connect to the full text of this electronic book  |t 0 
955 |a Taylor and Francis MATHnetBASE 
994 |a 92  |b TXA 
999 f f |s 1462e9ff-3712-4630-86e5-72edf7c24b28  |i f448508e-e937-4439-8fa2-467cadf40d2b  |t 0 
952 f f |a Texas A&M University  |b College Station  |c Electronic Resources  |d Available Online  |t 0  |e QB281   |h Library of Congress classification 
998 f f |a QB281   |t 0  |l Available Online